| 000 | 00636nam a22001697a 4500 | ||
|---|---|---|---|
| 003 | SGT | ||
| 020 | _a9780070483668 | ||
| 082 | _a338.6,ROY | ||
| 100 | _aROY,SUBIR | ||
| 245 |
_aMADE IN INDIA _bA STUDY OF EMERGING COMPETITIVENESS |
||
| 250 | _a1ST | ||
| 260 |
_aNEW DELHI _bTMH _c2005 |
||
| 300 | _a210 | ||
| 650 | _aECONOMICS | ||
| 653 | _aTHE SOFTWARE ADVANTAGE, SOFTWARE MATURING UNDER SETBACKS, BPO DESTINATION, GLOBAL CHEMIST, GERMINATING COMPETENCE, THE COOPERATIVE EXCEPTION, TATA STEEL LEAST COST CHALLENGER, LARSEN & TOUBRO ENGINEERS INDIA, BHEL HALF A GLOBAL PLAYER, RELIANCE STARTUP TO GLOBAL BIG LEAGUE | ||
| 942 |
_2ddc _cFPS |
||
| 999 |
_c9479 _d9479 |
||